000 01110nam a2200229Ia 4500
999 _c41494
_d41494
001 8161
003 GE_BSU
005 20240329155731.0
008 181216s||||||||xx |||||||||||||| ||und||
020 _a9789941213588
040 _cGE_BSU
041 _ageo
080 _a271.22-726.1(479.22) წ-71
245 _aწმინდა მღვდელმთავარი აღმსარებელი ამბროსი ხელაია /
_cშემდგ. : სოფიო თავაძე ; პროექტის რედ. : თამარ მამაცაშვილი.
264 _aთბილისი :
_bპალიტრა L,
_c2013.
300 _a197გვ. ;
_c20 სმ.
653 _aრელიგია
653 _aწმინდა მღვდელმთავარი აღმსარებელი ამბროსი ხელაია
700 _aთავაძე, სოფიო
_eშემდგენელი
_95013
700 _aმამაცაშვილი, თამარ
_eრედაქტორი
_921637
942 _cBK
_2udc